01320nam a2200313 a 4500001001200000003000800012006001900020007001500039008004100054020003000095020001800125020002700143040002100170035002100191043001200212050002800224100002000252245010400272260010400376300001600480490004600496504005100542533015200593650004200745655002900787710001700816830004700833856012600880ebr10479906CaPaEBRm u cr cn|||||||||110714s2011 enk sb 001 0 eng d z9780745329550 (paperback) z9780745329567 z9781849645904 (e-book) aCaPaEBRcCaPaEBR a(OCoLC)742574380 an-us---14aE185.89.I56bH37 2011eb1 aHartnell, Anna.10aRewriting Exodush[electronic resource] :bAmerican futures from Du Bois to Obama /cAnna Hartnell. aLondon :bPluto Press ;aNew York :bDistributed in the United States by Palgrave Macmillan,c2011. axii, 283 p.1 aDecolonial studies, postcolonial horizons aIncludes bibliographical references and index. aElectronic reproduction.bPalo Alto, Calif. :cebrary,d2013.nAvailable via World Wide Web.nAccess may be limited to ebrary affiliated libraries. 0aAfrican AmericansxIntellectual life. 7aElectronic books.2local2 aebrary, Inc. 0aDecolonial studies, postcolonial horizons.40uhttp://site.ebrary.com/lib/rucke/Doc?id=10479906zAn electronic book accessible through the World Wide Web; click to view